Województwa Polski Po Stolicy - Statystyki

Ogólne statystyki
  • Ten quiz został rozwiązany 64 razy
  • Średni wynik to 14 z 15
Statystyki odpowiedzi
Stolice Województwa % Poprawnych
Kraków Małopolskie
98%
Warszawa Mazowieckie
98%
Opole Opolskie
98%
Gdańsk Pomorskie
98%
Łódź Łódzkie
96%
Poznań Wielkopolskie
96%
Lublin Lubelskie
94%
Gorzów Wielkopolski/ Zielona Góra Lubuskie
94%
Bydgoszcz/Toruń Kujawsko-Pomorskie
92%
Katowice Śląskie
92%
Szczecin Zachodniopomorskie
92%
Białystok Podlaskie
90%
Rzeszów Podkarpackie
88%
Kielce Świętokrzyskie
88%
Olsztyn Warmińsko-mazurskie
82%
Nie znaleziono quizów pasujących do podanych kryteriów
Rozkład punktacji
Procent ludzi z każdym wynikiem
Percentyl według liczby udzielonych odpowiedzi
Twoja historia wyników
Nie rozwiązałeś tego quizu